UM Logo

K-to-12 student track prediction / (Record no. 11471)

MARC details
000 -LEADER
fixed length control field 00647nam a22001697a 4500
008 - FIXED-LENGTH DATA ELEMENTS--GENERAL INFORMATION
fixed length control field 181205b ||||| |||| 00| 0 eng d
082 ## - DEWEY DECIMAL CLASSIFICATION NUMBER
Edition number 2017
Classification number UT 1054
Item number F95
100 ## - MAIN ENTRY--PERSONAL NAME
Personal name Fulangui, Jan Val Ray P.
9 (RLIN) 32884
245 ## - TITLE STATEMENT
Title K-to-12 student track prediction /
Statement of responsibility, etc. Jan Val Ray P. Fulangui, Paul Harvie M. Melijor, and Beryl F. Tetisora
260 ## - PUBLICATION, DISTRIBUTION, ETC. (IMPRINT)
Place of publication, distribution, etc. Digos City:
Name of publisher, distributor, etc. UMDC
Date of publication, distribution, etc. April 2017.
300 ## - PHYSICAL DESCRIPTION
Extent 186 pages ;
Other physical details 28 cm.
650 ## - SUBJECT ADDED ENTRY--TOPICAL TERM
Topical term or geographic name as entry element Technical Program
Form subdivision Information Technology
General subdivision Undergraduate thesis.
9 (RLIN) 32740
700 ## - ADDED ENTRY--PERSONAL NAME
Personal name Fulangui, Jan Val Ray P.
9 (RLIN) 32884
700 ## - ADDED ENTRY--PERSONAL NAME
Personal name Melijor, Paul Harvie M.
9 (RLIN) 32885
700 ## - ADDED ENTRY--PERSONAL NAME
Personal name Tetisora, Beryl F.
9 (RLIN) 32886
942 ## - ADDED ENTRY ELEMENTS (KOHA)
Source of classification or shelving scheme Dewey Decimal Classification
Koha item type Undergraduate Thesis
Holdings
Withdrawn status Lost status Source of classification or shelving scheme Damaged status Not for loan Home library Current library Date acquired Total Checkouts Full call number Barcode Date last seen Price effective from Koha item type
    Dewey Decimal Classification     UM Digos College - LIC UM Digos College - LIC 11/28/2018   UT 1054 F95 2017 1054 05/15/2025 12/05/2018 Undergraduate Thesis